000 00681nam a2200217 i 4500
003 DO-SdBNP
005 20231026133944.0
006 a||||gr|||| 00| 0
007 ta
008 231026b1981 dr ab||| |||| 00| m spa d
040 _aDO-SdBNP
_bspa
_cBNPHU
_erda
082 4 _222
_bS939v
245 1 0 _aVamos arriba dominicano. /
_cMario Suérez Maríll.
264 1 _aSanto Domingo :
_bUnión Nacional de Colegios Católicos,
_c1982
300 _a112 páginas sin numerar :
_bIlustraciones, mapas ;
_c26 cm.
336 _2rdacontent
_atexto
_btxt
337 _2rdamedia
_asin mediación
_bn
338 _2rdacarrie
_avolumen
_bnc
590 _aInventariado 2023 / MF
942 _2ddc
_cLBS1
999 _c55301
_d55301